[Event "Deutsche Ländermeisterschaft 2018"]
[Site "Würzburg GER"]
[Date "2018.10.04"]
[Round "3"]
[White "Parvanyan, Ashot"]
[Black "Nothnagel, Marian Can"]
[Result "1/2-1/2"]
[Termination "normal"]
[Board "1.1"]
[WhiteTitle "FM"]
[WhiteElo "2428"]
[BlackElo "2341"]
[WhiteClock "00:13:47"]
[BlackClock "00:12:13"]
[WhiteTeam "Schleswig-Holstein"]
[BlackTeam "Hessen"]
[PlyCount "96"]
[WhiteFideId "13307550"]
[BlackFideId "12921530"]
[EventCountry "GER"]
[EventRounds "7"]
[EventType "team-swiss"]
[EventDate "2018.10.02"]

1. e4 {[%clk 1:30:57]} e5 {[%clk 1:30:53]} 2. Nf3 {[%clk 1:31:15]} d6 {[%clk
1:31:18]} 3. d4 {[%clk 1:31:15]} exd4 {[%clk 1:31:43]} 4. Nxd4 {[%clk 1:31:38]}
Nf6 {[%clk 1:32:10]} 5. Nc3 {[%clk 1:32:01]} Be7 {[%clk 1:32:36]} 6. g3 {[%clk
1:31:21]} O-O {[%clk 1:31:19]} 7. Bg2 {[%clk 1:31:19]} Nc6 {[%clk 1:31:43]} 8.
O-O {[%clk 1:31:32]} Bg4 {[%clk 1:28:36]} 9. Nxc6 {[%clk 1:31:21]} bxc6 {[%clk
1:28:59]} 10. Qd3 {[%clk 1:31:47]} Nd7 {[%clk 1:26:59]} 11. f4 {[%clk 1:25:26]}
Rb8 {[%clk 1:13:03]} 12. Re1 {[%clk 1:13:00]} Nc5 {[%clk 1:02:01]} 13. Qd2
{[%clk 1:13:06]} Re8 {[%clk 1:00:55]} 14. h3 {[%clk 1:08:18]} Bd7 {[%clk
1:00:46]} 15. b3 {[%clk 1:05:25]} Bf6 {[%clk 0:58:17]} 16. Ba3 {[%clk 1:04:25]}
Ne6 {[%clk 0:50:35]} 17. Rad1 {[%clk 1:01:30]} Be7 {[%clk 0:26:31]} 18. Kh2
{[%clk 0:58:11]} Nf8 {[%clk 0:24:06]} 19. Qf2 {[%clk 0:50:21]} a5 {[%clk
0:21:47]} 20. Bb2 {[%clk 0:43:22]} Qc8 {[%clk 0:20:48]} 21. Ne2 {[%clk
0:40:13]} Ng6 {[%clk 0:16:38]} 22. a4 {[%clk 0:37:06]} c5 {[%clk 0:16:35]} 23.
Ba1 {[%clk 0:33:02]} Bc6 {[%clk 0:13:34]} 24. Nc3 {[%clk 0:30:26]} Bf6 {[%clk
0:09:34]} 25. e5 {[%clk 0:19:33]} Bxg2 {[%clk 0:09:58]} 26. Kxg2 {[%clk
0:19:51]} dxe5 {[%clk 0:10:06]} 27. f5 {[%clk 0:20:02]} Ne7 {[%clk 0:09:52]}
28. g4 {[%clk 0:20:16]} c4 {[%clk 0:08:58]} 29. Ne4 {[%clk 0:16:04]} cxb3
{[%clk 0:08:10]} 30. cxb3 {[%clk 0:15:52]} Qb7 {[%clk 0:05:17]} 31. Kh2 {[%clk
0:13:10]} Nd5 {[%clk 0:05:32]} 32. g5 {[%clk 0:13:12]} Be7 {[%clk 0:05:54]} 33.
g6 {[%clk 0:02:55]} fxg6 {[%clk 0:04:31]} 34. fxg6 {[%clk 0:03:00]} hxg6 {[%clk
0:04:46]} 35. Qg3 {[%clk 0:02:18]} Bb4 {[%clk 0:02:36]} 36. Qxg6 {[%clk
0:01:03]} Qb6 {[%clk 0:02:20]} 37. Qxb6 {[%clk 0:00:46]} Rxb6 {[%clk 0:02:10]}
38. Rg1 {[%clk 0:00:38]} Nf6 {[%clk 0:01:56]} 39. Nxf6+ {[%clk 0:00:35]} Rxf6
{[%clk 0:02:21]} 40. Rd5 {[%clk 0:00:34]} c6 {[%clk 0:01:25]} 41. Rd7 {[%clk
0:22:44]} Rf7 {[%clk 0:31:43]} 42. Rxf7 {[%clk 0:23:04]} Kxf7 {[%clk 0:32:06]}
43. Kg2 {[%clk 0:23:32]} e4 {[%clk 0:22:32]} 44. Kf1 {[%clk 0:23:55]} g6 {[%clk
0:20:48]} 45. Ke2 {[%clk 0:23:51]} Re6 {[%clk 0:20:07]} 46. Rg4 {[%clk
0:18:51]} Ke7 {[%clk 0:20:02]} 47. Bd4 {[%clk 0:18:41]} Kd6 {[%clk 0:18:31]}
48. Rg5 {[%clk 0:13:47]} c5 {[%clk 0:12:13]} 1/2-1/2

[Event "Deutsche Ländermeisterschaft 2018"]
[Site "Würzburg GER"]
[Date "2018.10.04"]
[Round "3"]
[White "Neukirchner, Pascal"]
[Black "Kololli, Martin"]
[Result "1/2-1/2"]
[Termination "normal"]
[Board "1.2"]
[WhiteTitle "FM"]
[BlackTitle "FM"]
[WhiteElo "2294"]
[BlackElo "2331"]
[WhiteClock "00:27:23"]
[BlackClock "00:07:40"]
[WhiteTeam "Hessen"]
[BlackTeam "Schleswig-Holstein"]
[PlyCount "69"]
[WhiteFideId "12997927"]
[BlackFideId "12936910"]
[EventCountry "GER"]
[EventRounds "7"]
[EventType "team-swiss"]
[EventDate "2018.10.02"]

1. d4 {[%clk 1:30:59]} Nf6 {[%clk 1:30:50]} 2. c4 {[%clk 1:31:19]} e6 {[%clk
1:31:13]} 3. g3 {[%clk 1:31:38]} Be7 {[%clk 1:31:18]} 4. Bg2 {[%clk 1:31:57]}
d5 {[%clk 1:31:40]} 5. Nf3 {[%clk 1:32:22]} O-O {[%clk 1:32:01]} 6. O-O {[%clk
1:32:47]} c5 {[%clk 1:31:25]} 7. cxd5 {[%clk 1:32:52]} exd5 {[%clk 1:30:48]} 8.
dxc5 {[%clk 1:33:03]} Bxc5 {[%clk 1:30:00]} 9. Nc3 {[%clk 1:33:00]} Nc6 {[%clk
1:29:27]} 10. a3 {[%clk 1:32:15]} Re8 {[%clk 1:21:00]} 11. b4 {[%clk 1:32:28]}
Bb6 {[%clk 1:20:07]} 12. Bb2 {[%clk 1:32:40]} Bg4 {[%clk 1:10:30]} 13. Na4
{[%clk 1:31:34]} Ne4 {[%clk 0:46:26]} 14. Nxb6 {[%clk 1:31:19]} Qxb6 {[%clk
0:46:16]} 15. Qd3 {[%clk 1:09:45]} Rad8 {[%clk 0:41:55]} 16. Rad1 {[%clk
1:09:19]} a6 {[%clk 0:36:24]} 17. Bd4 {[%clk 1:04:22]} Qc7 {[%clk 0:34:27]} 18.
Be3 {[%clk 1:02:16]} Bxf3 {[%clk 0:28:56]} 19. Bxf3 {[%clk 0:53:33]} Ne5 {[%clk
0:28:40]} 20. Bf4 {[%clk 0:53:20]} Qe7 {[%clk 0:21:16]} 21. Bxe5 {[%clk
0:48:39]} Qxe5 {[%clk 0:21:34]} 22. Bxe4 {[%clk 0:44:12]} Qxe4 {[%clk 0:21:46]}
23. Qxe4 {[%clk 0:44:33]} dxe4 {[%clk 0:21:13]} 24. Rxd8 {[%clk 0:44:58]} Rxd8
{[%clk 0:21:39]} 25. Rc1 {[%clk 0:45:24]} Kf8 {[%clk 0:19:05]} 26. g4 {[%clk
0:39:26]} g6 {[%clk 0:16:35]} 27. Kg2 {[%clk 0:33:05]} Rd2 {[%clk 0:15:38]} 28.
e3 {[%clk 0:32:07]} Ra2 {[%clk 0:15:02]} 29. Rc3 {[%clk 0:31:47]} g5 {[%clk
0:12:31]} 30. Kg3 {[%clk 0:28:00]} h6 {[%clk 0:12:05]} 31. h3 {[%clk 0:27:08]}
Kg7 {[%clk 0:12:00]} 32. f3 {[%clk 0:26:27]} exf3 {[%clk 0:12:19]} 33. Kxf3
{[%clk 0:26:52]} Rh2 {[%clk 0:07:51]} 34. Kg3 {[%clk 0:27:11]} Rd2 {[%clk
0:07:40]} 35. Kf3 {[%clk 0:27:23]} 1/2-1/2

[Event "Deutsche Ländermeisterschaft 2018"]
[Site "Würzburg GER"]
[Date "2018.10.04"]
[Round "3"]
[White "Svane, Frederik"]
[Black "Krastev, Alexander"]
[Result "0-1"]
[Termination "normal"]
[Board "1.3"]
[WhiteElo "2287"]
[BlackElo "2298"]
[WhiteClock "00:00:59"]
[BlackClock "00:10:23"]
[WhiteTeam "Schleswig-Holstein"]
[BlackTeam "Hessen"]
[PlyCount "62"]
[WhiteFideId "12923044"]
[BlackFideId "12989983"]
[EventCountry "GER"]
[EventRounds "7"]
[EventType "team-swiss"]
[EventDate "2018.10.02"]

1. e4 {[%clk 1:30:57]} c5 {[%clk 1:30:53]} 2. Nf3 {[%clk 1:31:20]} g6 {[%clk
1:31:18]} 3. d4 {[%clk 1:30:19]} cxd4 {[%clk 1:31:41]} 4. Nxd4 {[%clk 1:30:17]}
Bg7 {[%clk 1:32:04]} 5. Nc3 {[%clk 1:30:10]} Nc6 {[%clk 1:32:14]} 6. Nb3 {[%clk
1:28:33]} Nf6 {[%clk 1:32:22]} 7. Be2 {[%clk 1:28:49]} O-O {[%clk 1:31:45]} 8.
O-O {[%clk 1:28:57]} d6 {[%clk 1:28:49]} 9. Bg5 {[%clk 1:28:44]} Be6 {[%clk
1:26:15]} 10. f4 {[%clk 1:12:57]} a5 {[%clk 0:58:20]} 11. a4 {[%clk 0:52:48]}
Nd7 {[%clk 0:45:09]} 12. Bb5 {[%clk 0:44:35]} Nb6 {[%clk 0:32:38]} 13. Re1
{[%clk 0:31:42]} Nc4 {[%clk 0:23:05]} 14. Nd5 {[%clk 0:29:51]} Nxb2 {[%clk
0:20:53]} 15. Qc1 {[%clk 0:20:34]} Bxd5 {[%clk 0:16:46]} 16. exd5 {[%clk
0:20:59]} Qb6+ {[%clk 0:17:10]} 17. Kh1 {[%clk 0:20:21]} Nb4 {[%clk 0:17:37]}
18. Rb1 {[%clk 0:14:53]} Na2 {[%clk 0:16:14]} 19. Qd2 {[%clk 0:07:18]} Nc3
{[%clk 0:15:21]} 20. Rxb2 {[%clk 0:06:09]} Nxb5 {[%clk 0:15:28]} 21. axb5
{[%clk 0:03:47]} Bxb2 {[%clk 0:15:50]} 22. c3 {[%clk 0:03:44]} a4 {[%clk
0:15:18]} 23. Qxb2 {[%clk 0:02:24]} Qxb5 {[%clk 0:15:21]} 24. Bh6 {[%clk
0:02:27]} Qxb3 {[%clk 0:15:03]} 25. Qa1 {[%clk 0:01:15]} Rfe8 {[%clk 0:13:01]}
26. c4 {[%clk 0:01:41]} f6 {[%clk 0:13:21]} 27. Qd4 {[%clk 0:00:39]} Qc2 {[%clk
0:10:11]} 28. Qe3 {[%clk 0:00:34]} Qf5 {[%clk 0:10:35]} 29. Qa3 {[%clk
0:00:33]} Qh5 {[%clk 0:10:34]} 30. Bg5 {[%clk 0:00:34]} fxg5 {[%clk 0:10:33]}
31. Qe3 {[%clk 0:00:59]} Qg4 {[%clk 0:10:23]} 0-1

[Event "Deutsche Ländermeisterschaft 2018"]
[Site "Würzburg GER"]
[Date "2018.10.04"]
[Round "3"]
[White "Bluhm, Sonja Maria"]
[Black "Kopylov, Daniel"]
[Result "1-0"]
[Termination "normal"]
[Board "1.4"]
[WhiteTitle "WFM"]
[WhiteElo "2281"]
[BlackElo "2192"]
[WhiteClock "00:13:21"]
[BlackClock "00:00:33"]
[WhiteTeam "Hessen"]
[BlackTeam "Schleswig-Holstein"]
[PlyCount "99"]
[WhiteFideId "24654027"]
[BlackFideId "12921971"]
[EventCountry "GER"]
[EventRounds "7"]
[EventType "team-swiss"]
[EventDate "2018.10.02"]

1. d4 {[%clk 1:30:58]} d5 {[%clk 1:30:13]} 2. Bf4 {[%clk 1:31:18]} Nf6 {[%clk
1:30:08]} 3. e3 {[%clk 1:31:39]} Bf5 {[%clk 1:29:49]} 4. c3 {[%clk 1:31:43]} e6
{[%clk 1:29:48]} 5. Nd2 {[%clk 1:32:01]} Bd6 {[%clk 1:29:16]} 6. Bg3 {[%clk
1:31:54]} O-O {[%clk 1:26:56]} 7. Ngf3 {[%clk 1:32:17]} Nc6 {[%clk 1:25:23]} 8.
Be2 {[%clk 1:30:40]} Re8 {[%clk 1:23:42]} 9. Bb5 {[%clk 1:22:16]} a6 {[%clk
1:22:03]} 10. Bxc6 {[%clk 1:18:11]} bxc6 {[%clk 1:22:26]} 11. Ne5 {[%clk
1:17:50]} c5 {[%clk 1:09:42]} 12. dxc5 {[%clk 1:06:21]} Bxe5 {[%clk 1:07:51]}
13. Bxe5 {[%clk 1:06:39]} Nd7 {[%clk 1:08:05]} 14. Bg3 {[%clk 0:56:45]} Nxc5
{[%clk 1:05:14]} 15. O-O {[%clk 0:56:56]} Bd3 {[%clk 1:04:16]} 16. Re1 {[%clk
0:57:05]} Bg6 {[%clk 1:03:55]} 17. Nf3 {[%clk 0:42:24]} Rb8 {[%clk 0:55:13]}
18. Re2 {[%clk 0:38:31]} Bh5 {[%clk 0:52:39]} 19. Qd4 {[%clk 0:36:32]} Ne4
{[%clk 0:48:57]} 20. Rc2 {[%clk 0:33:27]} Bxf3 {[%clk 0:39:34]} 21. gxf3 {[%clk
0:33:52]} e5 {[%clk 0:39:31]} 22. Qd1 {[%clk 0:19:44]} Ng5 {[%clk 0:37:23]} 23.
h4 {[%clk 0:19:23]} Ne6 {[%clk 0:36:14]} 24. Rd2 {[%clk 0:19:10]} d4 {[%clk
0:28:00]} 25. cxd4 {[%clk 0:16:57]} exd4 {[%clk 0:28:13]} 26. exd4 {[%clk
0:17:04]} Qd5 {[%clk 0:26:18]} 27. Rc1 {[%clk 0:14:22]} Re7 {[%clk 0:25:17]}
28. Rc3 {[%clk 0:09:24]} Rd7 {[%clk 0:16:07]} 29. Rcd3 {[%clk 0:08:02]} Rbd8
{[%clk 0:15:10]} 30. Kg2 {[%clk 0:07:46]} Qxa2 {[%clk 0:11:43]} 31. d5 {[%clk
0:07:32]} Nf8 {[%clk 0:09:12]} 32. d6 {[%clk 0:05:53]} cxd6 {[%clk 0:08:55]}
33. Rxd6 {[%clk 0:05:54]} Rxd6 {[%clk 0:04:38]} 34. Rxd6 {[%clk 0:05:01]} Re8
{[%clk 0:03:21]} 35. Rd8 {[%clk 0:03:42]} Qe6 {[%clk 0:03:20]} 36. Rxe8 {[%clk
0:03:43]} Qxe8 {[%clk 0:03:44]} 37. Qd6 {[%clk 0:03:17]} Qa8 {[%clk 0:02:54]}
38. b4 {[%clk 0:02:36]} h6 {[%clk 0:01:56]} 39. Qb6 {[%clk 0:02:43]} Ne6 {[%clk
0:01:49]} 40. Bd6 {[%clk 0:01:17]} Qd5 {[%clk 0:00:38]} 41. Bg3 {[%clk
0:25:34]} Qc4 {[%clk 0:28:29]} 42. Qb7 {[%clk 0:25:10]} Nd4 {[%clk 0:21:22]}
43. Qe4 {[%clk 0:21:26]} f5 {[%clk 0:18:02]} 44. Qb7 {[%clk 0:18:28]} Qc6
{[%clk 0:13:00]} 45. Qb8+ {[%clk 0:16:43]} Kh7 {[%clk 0:13:04]} 46. Qf4 {[%clk
0:16:47]} Qd5 {[%clk 0:12:18]} 47. Qe3 {[%clk 0:16:06]} Nc2 {[%clk 0:10:21]}
48. Qe7 {[%clk 0:14:38]} Qd2 {[%clk 0:06:02]} 49. Be5 {[%clk 0:13:22]} Ne3+
{[%clk 0:00:33]} 50. Kh3 {[%clk 0:13:21]} 1-0

[Event "Deutsche Ländermeisterschaft 2018"]
[Site "Würzburg GER"]
[Date "2018.10.04"]
[Round "3"]
[White "Glinzner, Alva"]
[Black "Lesny, Florian"]
[Result "1/2-1/2"]
[Termination "normal"]
[Board "1.5"]
[WhiteElo "1787"]
[BlackElo "2073"]
[WhiteClock "00:11:31"]
[BlackClock "00:18:55"]
[WhiteTeam "Schleswig-Holstein"]
[BlackTeam "Hessen"]
[PlyCount "97"]
[WhiteFideId "16206169"]
[BlackFideId "12973874"]
[EventCountry "GER"]
[EventRounds "7"]
[EventType "team-swiss"]
[EventDate "2018.10.02"]

1. e4 {[%clk 1:30:59]} c5 {[%clk 1:30:48]} 2. Nf3 {[%clk 1:31:22]} g6 {[%clk
1:31:08]} 3. c4 {[%clk 1:30:40]} Nc6 {[%clk 1:30:56]} 4. d4 {[%clk 1:31:02]}
cxd4 {[%clk 1:31:17]} 5. Nxd4 {[%clk 1:31:27]} Bg7 {[%clk 1:31:32]} 6. Be3
{[%clk 1:31:21]} d6 {[%clk 1:31:46]} 7. Nc3 {[%clk 1:31:25]} Nf6 {[%clk
1:32:04]} 8. Be2 {[%clk 1:31:03]} O-O {[%clk 1:32:19]} 9. O-O {[%clk 1:28:18]}
Bd7 {[%clk 1:31:46]} 10. Rc1 {[%clk 1:27:15]} Nxd4 {[%clk 1:31:25]} 11. Bxd4
{[%clk 1:27:36]} Bc6 {[%clk 1:31:20]} 12. f3 {[%clk 1:27:03]} a5 {[%clk
1:27:01]} 13. Nd5 {[%clk 1:17:56]} Nd7 {[%clk 1:25:06]} 14. b3 {[%clk 1:15:35]}
Nc5 {[%clk 1:18:52]} 15. Bxg7 {[%clk 1:09:37]} Kxg7 {[%clk 1:18:50]} 16. Qd4+
{[%clk 1:09:50]} e5 {[%clk 1:13:31]} 17. Qd2 {[%clk 1:09:42]} Ne6 {[%clk
1:11:55]} 18. Nc3 {[%clk 1:03:50]} Nf4 {[%clk 1:04:47]} 19. Rcd1 {[%clk
1:00:46]} Qg5 {[%clk 1:03:36]} 20. Bd3 {[%clk 1:00:40]} f5 {[%clk 0:59:20]} 21.
Kh1 {[%clk 0:56:21]} Rad8 {[%clk 0:53:40]} 22. Rf2 {[%clk 0:50:05]} Qe7 {[%clk
0:48:16]} 23. Bb1 {[%clk 0:44:44]} Ne6 {[%clk 0:44:12]} 24. Qe3 {[%clk
0:42:52]} Nc5 {[%clk 0:36:26]} 25. Rfd2 {[%clk 0:41:25]} f4 {[%clk 0:34:55]}
26. Qe1 {[%clk 0:38:22]} g5 {[%clk 0:34:24]} 27. Bc2 {[%clk 0:34:49]} h5 {[%clk
0:32:19]} 28. a3 {[%clk 0:32:29]} b6 {[%clk 0:27:43]} 29. b4 {[%clk 0:30:39]}
axb4 {[%clk 0:27:22]} 30. axb4 {[%clk 0:31:01]} Ne6 {[%clk 0:27:27]} 31. Nd5
{[%clk 0:30:08]} Qb7 {[%clk 0:24:05]} 32. Nc3 Qc7 {[%clk 0:22:02]} 33. Bd3
{[%clk 0:11:34]} Rf6 {[%clk 0:20:35]} 34. Qf2 {[%clk 0:09:23]} Nd4 {[%clk
0:18:50]} 35. Ne2 {[%clk 0:09:05]} Nxe2 {[%clk 0:18:05]} 36. Bxe2 {[%clk
0:08:58]} Bd7 {[%clk 0:09:46]} 37. Ra2 {[%clk 0:03:19]} Rg6 {[%clk 0:08:36]}
38. Rda1 {[%clk 0:02:57]} Rb8 {[%clk 0:08:15]} 39. Bf1 {[%clk 0:01:07]} g4
{[%clk 0:01:59]} 40. Qh4 Qd8 {[%clk 0:00:39]} 41. Qxd8 {[%clk 0:28:29]} Rxd8
{[%clk 0:30:16]} 42. Ra7 {[%clk 0:28:31]} gxf3 {[%clk 0:28:10]} 43. gxf3 {[%clk
0:28:31]} Kh6 {[%clk 0:26:14]} 44. R1a2 {[%clk 0:21:31]} Rdg8 {[%clk 0:23:04]}
45. Rg2 {[%clk 0:21:41]} Rxg2 {[%clk 0:22:45]} 46. Bxg2 {[%clk 0:18:12]} Be6
{[%clk 0:22:45]} 47. Ra6 {[%clk 0:13:38]} Bxc4 {[%clk 0:19:11]} 48. Rxb6 {[%clk
0:14:04]} Kg5 {[%clk 0:18:55]} 49. Rc6 {[%clk 0:11:31]} 1/2-1/2

[Event "Deutsche Ländermeisterschaft 2018"]
[Site "Würzburg GER"]
[Date "2018.10.04"]
[Round "3"]
[White "Mundt, Alexandra"]
[Black "Flach, Helene"]
[Result "1/2-1/2"]
[Termination "normal"]
[Board "1.7"]
[WhiteElo "1679"]
[BlackElo "1844"]
[WhiteClock "00:24:33"]
[BlackClock "00:40:37"]
[WhiteTeam "Schleswig-Holstein"]
[BlackTeam "Hessen"]
[PlyCount "83"]
[WhiteFideId "16217276"]
[BlackFideId "12929735"]
[EventCountry "GER"]
[EventRounds "7"]
[EventType "team-swiss"]
[EventDate "2018.10.02"]

1. Nf3 {[%clk 1:30:57]} d5 {[%clk 1:30:49]} 2. c4 {[%clk 1:31:14]} e6 {[%clk
1:31:12]} 3. b3 {[%clk 1:31:22]} Nf6 {[%clk 1:31:23]} 4. Bb2 {[%clk 1:31:45]}
Be7 {[%clk 1:30:56]} 5. g3 {[%clk 1:31:58]} O-O {[%clk 1:30:54]} 6. Bg2 {[%clk
1:32:20]} c5 {[%clk 1:28:18]} 7. O-O {[%clk 1:31:42]} Nc6 {[%clk 1:24:18]} 8.
e3 {[%clk 1:31:45]} b6 {[%clk 1:19:23]} 9. d4 {[%clk 1:27:04]} Ba6 {[%clk
1:16:22]} 10. Nbd2 {[%clk 1:24:15]} Rc8 {[%clk 1:15:01]} 11. Rc1 {[%clk
1:11:26]} Qc7 {[%clk 1:07:11]} 12. Re1 {[%clk 1:03:39]} dxc4 {[%clk 1:01:32]}
13. Nxc4 {[%clk 0:59:12]} Rfd8 {[%clk 1:00:13]} 14. Nfe5 {[%clk 0:54:07]} Bb7
{[%clk 0:54:39]} 15. Qe2 {[%clk 0:46:30]} Nxe5 {[%clk 0:52:38]} 16. dxe5 {[%clk
0:33:41]} Nd5 {[%clk 0:48:37]} 17. a3 {[%clk 0:31:30]} Qb8 {[%clk 0:46:50]} 18.
Qg4 {[%clk 0:25:33]} g6 {[%clk 0:44:27]} 19. Red1 {[%clk 0:24:24]} b5 {[%clk
0:39:43]} 20. Nd6 {[%clk 0:20:14]} Bxd6 {[%clk 0:32:38]} 21. exd6 {[%clk
0:20:36]} Nb6 {[%clk 0:30:47]} 22. Qg5 {[%clk 0:15:16]} Nd7 {[%clk 0:29:40]}
23. Bxb7 {[%clk 0:12:41]} Qxb7 {[%clk 0:29:24]} 24. Rxc5 {[%clk 0:10:10]} Qf3
{[%clk 0:19:35]} 25. Rcc1 {[%clk 0:07:44]} Re8 {[%clk 0:18:10]} 26. Qxb5 {[%clk
0:05:53]} Rc2 {[%clk 0:15:09]} 27. Rf1 {[%clk 0:03:59]} Rxb2 {[%clk 0:15:19]}
28. Qxd7 {[%clk 0:04:24]} Qa8 {[%clk 0:15:25]} 29. Qc7 {[%clk 0:01:51]} Rxb3
{[%clk 0:14:14]} 30. d7 {[%clk 0:02:14]} Rd8 {[%clk 0:13:48]} 31. Qxd8+ {[%clk
0:01:26]} Qxd8 {[%clk 0:13:57]} 32. Rc8 {[%clk 0:01:53]} Rb8 {[%clk 0:14:10]}
33. Rfc1 {[%clk 0:01:12]} Kg7 {[%clk 0:14:22]} 34. Rxd8 {[%clk 0:01:25]} Rxd8
{[%clk 0:14:46]} 35. Rc7 {[%clk 0:01:53]} a6 {[%clk 0:14:09]} 36. Kf1 {[%clk
0:01:55]} Kf6 {[%clk 0:14:19]} 37. Ke2 {[%clk 0:02:22]} Ke7 {[%clk 0:13:40]}
38. Kd3 {[%clk 0:00:48]} Rxd7+ {[%clk 0:12:53]} 39. Rxd7+ {[%clk 0:01:13]} Kxd7
{[%clk 0:13:16]} 40. Kc3 {[%clk 0:00:38]} Kc7 {[%clk 0:12:48]} 41. Kb3 {[%clk
0:26:18]} a5 {[%clk 0:40:37]} 42. a4 {[%clk 0:24:33]} 1/2-1/2

[Event "Deutsche Ländermeisterschaft 2018"]
[Site "Würzburg GER"]
[Date "2018.10.04"]
[Round "3"]
[White "Ewert, Hannes"]
[Black "Niermann, Tristan"]
[Result "1/2-1/2"]
[Termination "normal"]
[Board "2.1"]
[WhiteTitle "FM"]
[BlackTitle "FM"]
[WhiteElo "2314"]
[BlackElo "2315"]
[WhiteClock "00:40:41"]
[BlackClock "00:24:27"]
[WhiteTeam "Niedersachsen"]
[BlackTeam "Nordrhein-Westfalen"]
[PlyCount "43"]
[WhiteFideId "12961574"]
[BlackFideId "12990698"]
[EventCountry "GER"]
[EventRounds "7"]
[EventType "team-swiss"]
[EventDate "2018.10.02"]

1. d4 {[%clk 1:30:52]} d5 {[%clk 1:30:51]} 2. c4 {[%clk 1:31:00]} c6 {[%clk
1:31:17]} 3. cxd5 {[%clk 1:31:09]} cxd5 {[%clk 1:31:42]} 4. Nc3 {[%clk
1:31:32]} Nf6 {[%clk 1:32:05]} 5. Bf4 {[%clk 1:31:47]} Nc6 {[%clk 1:32:29]} 6.
e3 {[%clk 1:31:57]} Bf5 {[%clk 1:32:38]} 7. Qb3 {[%clk 1:30:35]} Na5 {[%clk
1:30:01]} 8. Qa4+ {[%clk 1:29:56]} Bd7 {[%clk 1:30:17]} 9. Qc2 {[%clk 1:29:59]}
e6 {[%clk 1:29:55]} 10. Bd3 {[%clk 1:30:08]} Rc8 {[%clk 1:23:25]} 11. Nf3
{[%clk 1:27:59]} Nc6 {[%clk 1:13:22]} 12. a3 {[%clk 1:22:51]} Be7 {[%clk
1:11:23]} 13. h3 {[%clk 1:22:04]} a6 {[%clk 0:57:47]} 14. O-O {[%clk 1:18:59]}
h6 {[%clk 0:52:33]} 15. Rac1 {[%clk 1:16:26]} O-O {[%clk 0:51:45]} 16. Qe2
{[%clk 1:09:11]} Nh5 {[%clk 0:37:54]} 17. Bh2 {[%clk 1:08:12]} f5 {[%clk
0:36:26]} 18. Ne5 {[%clk 1:05:53]} Nxe5 {[%clk 0:36:07]} 19. Bxe5 {[%clk
1:03:43]} Nf6 {[%clk 0:34:14]} 20. Rc2 {[%clk 0:51:50]} Qa5 {[%clk 0:25:49]}
21. Rfc1 {[%clk 0:49:31]} Rc6 {[%clk 0:24:27]} 22. Nb1 {[%clk 0:40:41]} 1/2-1/2

[Event "Deutsche Ländermeisterschaft 2018"]
[Site "Würzburg GER"]
[Date "2018.10.04"]
[Round "3"]
[White "Browning, Alex"]
[Black "Polster, Christian"]
[Result "0-1"]
[Termination "normal"]
[Board "2.2"]
[BlackTitle "FM"]
[WhiteElo "2148"]
[BlackElo "2294"]
[WhiteClock "00:40:46"]
[BlackClock "00:12:03"]
[WhiteTeam "Nordrhein-Westfalen"]
[BlackTeam "Niedersachsen"]
[PlyCount "104"]
[WhiteFideId "12984019"]
[BlackFideId "12965081"]
[EventCountry "GER"]
[EventRounds "7"]
[EventType "team-swiss"]
[EventDate "2018.10.02"]

1. e4 {[%clk 1:30:58]} c5 {[%clk 1:30:53]} 2. Nf3 {[%clk 1:31:23]} d6 {[%clk
1:31:17]} 3. d4 {[%clk 1:31:49]} cxd4 {[%clk 1:31:42]} 4. Nxd4 {[%clk 1:32:13]}
Nf6 {[%clk 1:32:01]} 5. Nc3 {[%clk 1:32:39]} a6 {[%clk 1:32:25]} 6. h3 {[%clk
1:33:04]} e6 {[%clk 1:32:13]} 7. g4 {[%clk 1:33:28]} Nfd7 {[%clk 1:32:13]} 8.
g5 {[%clk 1:32:00]} b5 {[%clk 1:29:13]} 9. a3 {[%clk 1:31:02]} Bb7 {[%clk
1:26:57]} 10. Be3 {[%clk 1:30:46]} Nb6 {[%clk 1:26:56]} 11. Qd2 {[%clk
1:27:28]} N8d7 {[%clk 1:24:05]} 12. O-O-O {[%clk 1:06:50]} Ne5 {[%clk 1:17:20]}
13. f4 {[%clk 1:00:46]} Nec4 {[%clk 1:17:20]} 14. Qf2 {[%clk 1:00:34]} Rc8
{[%clk 1:14:22]} 15. f5 {[%clk 0:53:05]} e5 {[%clk 1:03:38]} 16. Nb3 Be7 {[%clk
0:43:57]} 17. f6 {[%clk 0:47:16]} gxf6 {[%clk 0:42:57]} 18. Na5 {[%clk
0:47:21]} Nxe3 {[%clk 0:38:29]} 19. Qxe3 {[%clk 0:46:59]} Ba8 {[%clk 0:37:36]}
20. gxf6 {[%clk 0:44:18]} Bxf6 {[%clk 0:37:18]} 21. Rg1 {[%clk 0:44:29]} h6
{[%clk 0:34:45]} 22. Qf3 {[%clk 0:42:47]} Bg5+ {[%clk 0:27:45]} 23. Kb1 {[%clk
0:43:05]} Nd7 {[%clk 0:25:16]} 24. Nb3 {[%clk 0:42:16]} Nf6 {[%clk 0:25:25]}
25. Bd3 {[%clk 0:37:07]} Rxc3 {[%clk 0:21:38]} 26. bxc3 {[%clk 0:37:17]} Ke7
{[%clk 0:21:27]} 27. Rdf1 {[%clk 0:36:24]} Bf4 {[%clk 0:20:24]} 28. Nd4 {[%clk
0:36:40]} Qa5 {[%clk 0:11:36]} 29. Ne2 {[%clk 0:35:56]} Qxa3 {[%clk 0:09:15]}
30. Nxf4 {[%clk 0:35:41]} exf4 {[%clk 0:08:58]} 31. Qxf4 {[%clk 0:35:24]} Qxc3
{[%clk 0:09:03]} 32. e5 {[%clk 0:35:50]} Nd5 {[%clk 0:03:03]} 33. Qxf7+ {[%clk
0:36:07]} Kd8 {[%clk 0:03:15]} 34. Rg8+ {[%clk 0:35:47]} Rxg8 {[%clk 0:03:38]}
35. Qxg8+ {[%clk 0:36:13]} Kc7 {[%clk 0:03:35]} 36. exd6+ {[%clk 0:36:19]} Kxd6
{[%clk 0:03:16]} 37. Qd8+ {[%clk 0:36:43]} Kc5 {[%clk 0:03:19]} 38. Qxa8 {[%clk
0:33:28]} Qb4+ {[%clk 0:02:14]} 39. Kc1 {[%clk 0:33:51]} Qa3+ {[%clk 0:02:15]}
40. Kd1 {[%clk 0:33:20]} Qa1+ {[%clk 0:01:57]} 41. Kd2 {[%clk 0:32:34]} Qc3+
{[%clk 0:02:11]} 42. Ke2 {[%clk 0:32:59]} Qe5+ {[%clk 0:02:24]} 43. Kf3 {[%clk
0:32:18]} Qf4+ {[%clk 0:02:36]} 44. Kg2 {[%clk 0:32:39]} Ne3+ {[%clk 0:01:45]}
45. Kh1 {[%clk 0:32:46]} Nxf1 {[%clk 0:28:24]} 46. Kg1 {[%clk 0:53:29]} Ne3
{[%clk 0:25:49]} 47. Kh1 {[%clk 0:51:46]} Kb4 {[%clk 0:22:55]} 48. Qc6 {[%clk
0:47:10]} Qg3 {[%clk 0:21:56]} 49. Be4 {[%clk 0:40:13]} Qxh3+ {[%clk 0:20:06]}
50. Kg1 {[%clk 0:40:39]} Qg3+ {[%clk 0:18:57]} 51. Kh1 {[%clk 0:40:50]} Ng4
{[%clk 0:11:44]} 52. c3+ {[%clk 0:40:46]} Ka5 {[%clk 0:12:03]} 0-1